000 00848nam a2200253Ia 4500
003 OSt
005 20220930091142.0
006 a|||||r|||| 00| 0
007 ta
008 220926b |||||||| |||| 00| 0 eng d
024 _a3593
037 _cTheses
040 _aCRL
_cCRL
_beng
041 _2eng
_aeng
100 _aSharma Shruti
_959329
110 _aUniversity of Delhi. Faculty of Inter Disciplinary & Applied Sciences. Department of Genetics
245 0 _aGenetics underpinnings of methotrexete response in rheumatold arthritis patients among North Indians
260 _c2010
650 _aGENETICS
700 _a Thelma B K Gu.
_9543845
700 _aUniversity of Delhi. Faculty of Inter Disciplinary & Applied Sciences. Department of Genetics
942 _cDIS
_2CC
999 _c881725
_d881725